| 000 | 01015nam a2200193 a 4500 | ||
|---|---|---|---|
| 003 | AM-YeHGA | ||
| 005 | 20250618072545.0 | ||
| 008 | 060216s1864 ai 000 | arm d | ||
| 040 | _aAM-YeHGA | ||
| 041 | 0 | _aarm | |
| 100 | 0 |
_aՄատթէոս, _cԿաթողիկոս _95331 |
|
| 245 | 1 | 0 |
_aԱռաջնորդ լուսաշաւիղ ճանապարհին յաւիտենական կենաց : _bՅօրինեալ ի յորդոր մանկանց ուղղափառ սուրբ եկեղեցւոյ առ ի բարուոք ընթանալ հասանել յերանաւետ ժառանգութիւն փառաց երկնից արքայութեան / _cՄատթէոս 2-րդ Կաթողիկոս Ամենայն Հայոց. |
| 260 |
_aԷջմիածին : _bտպ. Ս. Էջմիածնի, _c1864. |
||
| 300 |
_aԱ-Դ, 169 էջ ; _c20 սմ. |
||
| 650 | 1 | 4 | _aԱստվածաբանություն |
| 856 | 4 | 1 |
_uhttp://greenstone.flib.sci.am/gsdl/collect/haygirq/book/arajnord_1864.pdf _yԿարդալ առցանց |
| 942 |
_2udc _cBK |
||
| 090 | _c175569 | ||
| 999 |
_c174128 _d174128 |
||